[Event "46th GRE-chT Premier 2018"]
[Site "Rio Achaia"]
[Date "2018.07.11"]
[Round "2"]
[White "Michelakos, Panagiotis"]
[Black "Tassopoulos, Marios"]
[Result "1/2-1/2"]
[WhiteElo "2244"]
[BlackElo "2134"]
[Annotator "NA"]
[PlyCount "156"]
[EventDate "2018.07.10"]
[EventType "team-tourn"]
[EventCountry "GRE"]
[SourceTitle "playchess.com"]
[Source "ChessBase"]
[SourceQuality "1"]
[TimeControl "40/5400+30:1800+30"]

1. d4 {[%emt 0:01:40]} Nf6 {[%emt 0:00:00]} 2. c4 {[%emt 0:00:22]} e6 {[%emt 0:00:00]} 3. Nc3 {[%emt 0:00:49]} d5 {[%emt 0:00:05]} 4. cxd5 {[%emt 0:00:13]} exd5 {[%emt 0:00:07]} 5. Bg5 {[%emt 0:00:09]} Be7 {[%emt 0:00:08]} 6. e3 {[%emt 0:01:39]} c6 {[%emt 0:00:21]} 7. Bd3 {[%emt 0:00:18]} O-O {[%emt 0:00:16]} 8. Qc2 {[%emt 0:00:33]} Nbd7 {[%emt 0:00:15]} 9. Nge2 {[%emt 0:00:35]} Re8 {[%emt 0:00:14]} 10. O-O {[%emt 0:01:58]} Nf8 {[%emt 0:00:09]} 11. f3 {[%emt 0:07:12]} Be6 {[%emt 0:01:02]} 12. Rad1 {[%emt 0:06:28]} Rc8 {[%emt 0:00:52]} 13. e4 {[%emt 0:15:35]} dxe4 {[%emt 0:00:55]} 14. fxe4 {[%emt 0:00:05]} Ng4 {[%emt 0:07:53]} 15. Bxe7 {[%emt 0:00:11]} Qxe7 {[%emt 0:00:31]} 16. Qd2 {[%emt 0:00:06]} c5 {[%emt 0:11:34]} 17. d5 {[%emt 0:02:18]} Bd7 {[%emt 0:01:14]} 18. h3 {[%emt 0:13:30]} Ne5 {[%emt 0:00:48]} 19. Ng3 {[%emt 0:00:09]} c4 {[%emt 0:28:05]} 20. Bc2 {[%emt 0:05:12]} Qd6 {[%emt 0:09:23]} 21. Nf5 {[%emt 0:04:49]} Bxf5 {[%emt 0:00:36]} 22. exf5 {[%emt 0:00:12]} f6 {[%emt 0:07:34]} 23. Qd4 {[%emt 0:05:37]} Qc5 {[%emt 0:07:02]} 24. d6 {[%emt 0:05:52]} Red8 {[%emt 0:03:30]} 25. Be4 {[%emt 0:02:27]} b5 {[%emt 0:06:33]} 26. Qxc5 {[%emt 0:03:13]} Rxc5 {[%emt 0:00:08]} 27. Rd5 {[%emt 0:00:05]} Rxd5 {[%emt 0:02:28]} 28. Bxd5+ {[%emt 0:00:13]} Kh8 {[%emt 0:00:24]} 29. Nxb5 {[%emt 0:02:39]} a6 {[%emt 0:00:31]} 30. Na3 {[%emt 0:00:23]} Rxd6 {[%emt 0:03:49]} 31. Bxc4 {[%emt 0:00:11]} h5 {[%emt 0:03:24]} 32. Bb3 {[%emt 0:04:59]} Kh7 {[%emt 0:03:43]} 33. Rf4 {[%emt 0:13:06]} Kh6 {[%emt 0:01:38]} 34. h4 {[%emt 0:00:45]} g5 {[%emt 0:00:33]} 35. fxg6 {[%emt 0:02:21]} Nfxg6 {[%emt 0:00:14]} 36. Nc4 {[%emt 0:00:46]} Nxc4 {[%emt 0:01:03]} 37. Rxc4 {[%emt 0:00:05]} Rd2 {[%emt 0:00:14]} 38. Ra4 {[%emt 0:01:07]} Rxb2 {[%emt 0:00:23]} 39. Rxa6 {[%emt 0:01:03]} Nxh4 {[%emt 0:00:27]} 40. Rxf6+ {[%emt 0:00:00]} Kg5 {[%emt 0:00:00]} 41. Rf2 {[%emt 0:00:29]} Rb1+ {[%emt 0:01:53]} 42. Kh2 {[%emt 0:00:40]} Ra1 {[%emt 0:20:03]} 43. Rc2 {[%emt 0:03:42]} Nf5 {[%emt 0:01:58]} 44. Rc5 {[%emt 0:00:30]} Kf6 {[%emt 0:01:22]} 45. Rd5 {[%emt 0:19:39]} Re1 {[%emt 0:01:12]} 46. Rd1 {[%emt 0:00:28]} Re3 {[%emt 0:00:41]} 47. Bc2 {[%emt 0:02:58]} Rc3 {[%emt 0:02:29]} 48. Bxf5 {[%emt 0:05:36]} Kxf5 {[%emt 0:00:01]} 49. Rd5+ {[%emt 0:00:12]} Kg4 {[%emt 0:00:32]} 50. Rd4+ {[%emt 0:00:45]} Kg5 {[%emt 0:00:12]} 51. Ra4 {[%emt 0:00:46]} h4 {[%emt 0:00:46]} 52. Ra8 {[%emt 0:00:21]} Rd3 {[%emt 0:04:20]} 53. a4 {[%emt 0:00:24]} Kg6 {[%emt 0:01:16]} 54. a5 {[%emt 0:00:12]} Kg7 {[%emt 0:00:26]} 55. a6 {[%emt 0:00:10]} Rd6 {[%emt 0:00:23]} 56. Kh3 {[%emt 0:00:22]} Rg6 {[%emt 0:01:02]} 57. a7 {[%emt 0:00:26]} Ra6 {[%emt 0:00:19]} 58. Kxh4 {[%emt 0:00:07]} Ra1 {[%emt 0:00:21]} 59. g4 {[%emt 0:00:29]} Ra5 {[%emt 0:00:19]} 60. Kg3 {[%emt 0:01:39]} Ra4 {[%emt 0:00:11]} 61. g5 {[%emt 0:00:35]} Ra1 {[%emt 0:00:15]} 62. Kf4 {[%emt 0:00:34]} Ra2 {[%emt 0:00:12]} 63. Kf5 {[%emt 0:00:22]} Ra5+ {[%emt 0:00:18]} 64. Kg4 {[%emt 0:00:10]} Ra4+ {[%emt 0:00:16]} 65. Kh5 {[%emt 0:00:42]} Ra5 {[%emt 0:00:16]} 66. Rb8 {[%emt 0:00:51]} Rxa7 {[%emt 0:00:07]} 67. Rb6 {[%emt 0:00:05]} Rc7 {[%emt 0:00:19]} 68. Rg6+ {[%emt 0:00:25]} Kh7 {[%emt 0:00:10]} 69. Rb6 {[%emt 0:00:22]} Kg7 {[%emt 0:00:14]} 70. Kg4 {[%emt 0:00:02]} Rc4+ {[%emt 0:00:27]} 71. Kh5 {[%emt 0:00:43]} Rc7 {[%emt 0:00:06]} 72. Rd6 {[%emt 0:00:54]} Rb7 {[%emt 0:00:10]} 73. Rd5 {[%emt 0:00:25]} Ra7 {[%emt 0:00:24]} 74. Rb5 {[%emt 0:01:14]} ({Finger weg von} 74. Rd6 $6 Rc7 $16) 74... Rc7 {[%emt 0:00:12]} 75. g6 {[%emt 0:00:25]} Rc1 {[%emt 0:01:31]} 76. Rb7+ {[%emt 0:00:06]} Kg8 {[%emt 0:00:05]} 77. Kg5 $11 {[%emt 0:00:39]} Rg1+ {[%emt 0:00:09]} 78. Kf6 {[%emt 0:00:26]} Rf1+ {[%emt 0:00:07]} 1/2-1/2

[Event "46th GRE-chT Premier 2018"]
[Site "Rio Achaia"]
[Date "2018.07.11"]
[Round "2"]
[White "Georgiou, Kostantinos"]
[Black "Papakonstantinou, Dimitrios"]
[Result "1/2-1/2"]
[WhiteElo "2242"]
[BlackElo "2336"]
[Annotator "NA"]
[PlyCount "158"]
[EventDate "2018.07.10"]
[EventType "team-tourn"]
[EventCountry "GRE"]
[SourceTitle "playchess.com"]
[Source "ChessBase"]
[SourceQuality "1"]
[TimeControl "40/5400+30:1800+30"]

1. e4 {[%emt 0:00:00]} d6 {[%emt 0:00:00]} 2. Nc3 {[%emt 0:00:13]} Nf6 {[%emt 0:01:01]} 3. b3 {[%emt 0:03:04]} g6 {[%emt 0:04:23]} 4. Bb2 {[%emt 0:00:42]} Bg7 {[%emt 0:00:05]} 5. d4 {[%emt 0:00:54]} O-O {[%emt 0:01:33]} 6. f3 {[%emt 0:01:56]} c5 {[%emt 0:03:39]} 7. dxc5 {[%emt 0:13:18]} Qa5 {[%emt 0:02:53]} 8. Qd2 {[%emt 0:00:09]} Qxc5 {[%emt 0:00:32]} 9. O-O-O {[%emt 0:01:38]} Nc6 {[%emt 0:06:29]} 10. Kb1 {[%emt 0:02:23]} Bd7 {[%emt 0:15:44]} 11. g4 {[%emt 0:06:16]} Rfc8 {[%emt 0:02:51]} 12. h4 {[%emt 0:08:12]} h5 {[%emt 0:05:17]} 13. g5 {[%emt 0:06:21]} Ne8 {[%emt 0:00:57]} 14. Bh3 {[%emt 0:03:43]} Bxh3 {[%emt 0:01:41]} 15. Rxh3 {[%emt 0:00:32]} b5 {[%emt 0:03:31]} 16. f4 {[%emt 0:03:27]} e6 {[%emt 0:02:09]} 17. f5 {[%emt 0:02:51]} gxf5 {[%emt 0:12:50]} 18. exf5 {[%emt 0:00:29]} Qxf5 {[%emt 0:00:04]} 19. Rf3 {[%emt 0:06:20]} Qg6 {[%emt 0:03:50]} 20. Nxb5 {[%emt 0:07:29]} Bxb2 {[%emt 0:03:08]} 21. Kxb2 {[%emt 0:00:12]} Rab8 {[%emt 0:01:24]} 22. Na3 {[%emt 0:06:36]} Ne5 {[%emt 0:01:57]} 23. Rf2 {[%emt 0:02:48]} d5 {[%emt 0:01:23]} 24. Nh3 {[%emt 0:02:56]} Nd6 {[%emt 0:03:35]} 25. Qd4 {[%emt 0:03:47]} Nc6 {[%emt 0:07:31]} 26. Qf6 {[%emt 0:05:42]} Ne4 {[%emt 0:00:39]} 27. Qxg6+ {[%emt 0:00:16]} fxg6 {[%emt 0:00:01]} 28. Rff1 {[%emt 0:00:52]} Ne7 {[%emt 0:02:06]} 29. Nf4 {[%emt 0:01:36]} Rb6 {[%emt 0:00:13]} 30. c4 {[%emt 0:04:20]} Ng3 {[%emt 0:09:42]} 31. Rf3 {[%emt 0:01:06]} Ngf5 {[%emt 0:00:10]} 32. cxd5 {[%emt 0:00:40]} exd5 {[%emt 0:00:11]} 33. Nxd5 {[%emt 0:00:50]} Nxd5 {[%emt 0:00:29]} 34. Rxd5 {[%emt 0:00:05]} Nxh4 {[%emt 0:01:28]} 35. Rf4 {[%emt 0:01:00]} Nf5 {[%emt 0:00:35]} 36. Nc4 {[%emt 0:01:34]} Re6 {[%emt 0:00:18]} 37. Ne5 {[%emt 0:01:31]} Ne3 {[%emt 0:02:00]} 38. Ra5 {[%emt 0:00:30]} Rc7 {[%emt 0:00:51]} 39. Rf6 {[%emt 0:00:30]} Rxf6 {[%emt 0:00:58]} 40. gxf6 {[%emt 0:00:00]} Ng4 {[%emt 0:00:00]} 41. f7+ {[%emt 0:04:24]} Kg7 {[%emt 0:02:47]} 42. f8=Q+ {[%emt 0:00:59]} Kxf8 {[%emt 0:00:02]} 43. Nxg6+ {[%emt 0:00:11]} Kf7 {[%emt 0:06:59]} 44. Nf4 {[%emt 0:00:37]} Nf6 {[%emt 0:00:42]} 45. Nxh5 {[%emt 0:00:59]} Nxh5 {[%emt 0:00:17]} 46. Rxh5 {[%emt 0:00:05]} Ke6 {[%emt 0:00:12]} 47. b4 {[%emt 0:01:17]} Kd6 {[%emt 0:04:56]} 48. Kb3 {[%emt 0:00:35]} Kc6 {[%emt 0:04:33]} 49. Rh6+ {[%emt 0:02:20]} Kb7 {[%emt 0:00:32]} 50. Ka4 {[%emt 0:02:27]} Rg7 {[%emt 0:00:20]} 51. Ka5 {[%emt 0:01:30]} Rg5+ {[%emt 0:00:34]} 52. b5 {[%emt 0:00:17]} Rg7 {[%emt 0:00:03]} 53. Re6 {[%emt 0:00:21]} Rh7 {[%emt 0:00:14]} 54. a4 {[%emt 0:00:25]} Rg7 {[%emt 0:00:46]} 55. Re4 {[%emt 0:01:08]} Rg1 {[%emt 0:05:29]} 56. Re7+ {[%emt 0:00:28]} Kb8 {[%emt 0:00:02]} 57. Rd7 {[%emt 0:02:36]} Rh1 {[%emt 0:00:21]} 58. Ka6 {[%emt 0:04:38]} Rh6+ {[%emt 0:00:08]} 59. Ka5 {[%emt 0:00:05]} Rh1 {[%emt 0:00:02]} 60. Kb4 {[%emt 0:00:35]} Rb1+ {[%emt 0:00:16]} 61. Kc4 {[%emt 0:00:37]} Rc1+ {[%emt 0:00:14]} 62. Kb3 {[%emt 0:00:17]} Rb1+ {[%emt 0:00:32]} 63. Ka2 {[%emt 0:00:22]} Rh1 {[%emt 0:01:17]} 64. Rd4 {[%emt 0:01:40]} Rh3 {[%emt 0:00:28]} 65. Kb2 {[%emt 0:01:18]} Kb7 {[%emt 0:00:56]} 66. Re4 {[%emt 0:00:37]} Rg3 {[%emt 0:00:26]} 67. Re5 {[%emt 0:00:24]} Kb6 {[%emt 0:00:44]} 68. Re6+ {[%emt 0:00:17]} Kc7 {[%emt 0:00:32]} 69. Kc2 {[%emt 0:04:08]} Rh3 {[%emt 0:01:03]} 70. Rf6 {[%emt 0:01:39]} Rg3 {[%emt 0:00:12]} 71. Rc6+ {[%emt 0:02:00]} Kb7 {[%emt 0:00:08]} 72. Rh6 {[%emt 0:01:25]} Kc7 {[%emt 0:00:29]} 73. Kd2 {[%emt 0:01:44]} Ra3 {[%emt 0:00:33]} 74. Rc6+ {[%emt 0:01:31]} Kb7 {[%emt 0:00:10]} 75. Rc4 {[%emt 0:00:12]} Kb6 {[%emt 0:00:26]} 76. Kc2 {[%emt 0:01:52]} Ka5 {[%emt 0:01:13]} 77. Rc7 {[%emt 0:00:13]} Rxa4 {[%emt 0:00:14]} 78. Rxa7+ {[%emt 0:00:08]} Kxb5 {[%emt 0:00:04]} 79. Rxa4 {[%emt 0:00:07]} Kxa4 {[%emt 0:00:02]} 1/2-1/2

[Event "46th GRE-chT Premier 2018"]
[Site "Rio Achaia"]
[Date "2018.07.11"]
[Round "2"]
[White "Alexakis, Dimitris"]
[Black "Triantos, Konstantinos"]
[Result "1-0"]
[WhiteElo "2232"]
[BlackElo "2078"]
[Annotator "NA"]
[PlyCount "51"]
[EventDate "2018.07.10"]
[EventType "team-tourn"]
[EventCountry "GRE"]
[SourceTitle "playchess.com"]
[Source "ChessBase"]
[SourceQuality "1"]
[TimeControl "40/5400+30:1800+30"]

1. e4 {[%emt 0:08:46]} c5 {[%emt 0:00:00]} 2. Nf3 {[%emt 0:00:13]} d6 {[%emt 0:00:00]} 3. d4 {[%emt 0:00:28]} cxd4 {[%emt 0:00:00]} 4. Nxd4 {[%emt 0:00:31]} Nf6 {[%emt 0:00:00]} 5. f3 {[%emt 0:00:06]} e5 {[%emt 0:02:37]} 6. Nb3 {[%emt 0:00:06]} Be7 {[%emt 0:01:55]} 7. c4 {[%emt 0:00:05]} a5 {[%emt 0:03:32]} 8. Be3 {[%emt 0:00:58]} a4 {[%emt 0:10:34]} 9. Nc1 {[%emt 0:00:12]} O-O {[%emt 0:03:55]} 10. Nc3 {[%emt 0:01:05]} Bd7 {[%emt 0:00:06]} 11. Be2 {[%emt 0:00:45]} Qa5 {[%emt 0:08:55]} 12. Qd2 {[%emt 0:01:29]} Nc6 {[%emt 0:12:59]} 13. O-O {[%emt 0:09:57]} Rfc8 {[%emt 0:07:31]} 14. Rd1 {[%emt 0:07:13]} a3 {[%emt 0:07:34]} 15. Nb3 {[%emt 0:03:22]} Qb4 {[%emt 0:03:33]} 16. bxa3 {[%emt 0:03:04]} Rxa3 {[%emt 0:00:08]} 17. Nb5 {[%emt 0:03:50]} Raa8 {[%emt 0:06:16]} 18. Nxd6 {[%emt 0:08:36]} Bxd6 {[%emt 0:01:49]} 19. Qxd6 {[%emt 0:00:14]} Qxd6 {[%emt 0:00:52]} 20. Rxd6 {[%emt 0:00:07]} Nb4 {[%emt 0:00:03]} 21. Rd2 {[%emt 0:08:03]} Ra3 {[%emt 0:06:21]} 22. Bf2 {[%emt 0:03:11]} Bc6 {[%emt 0:11:01]} 23. Bc5 {[%emt 0:04:26]} Ra4 {[%emt 0:00:02]} 24. Bd6 {[%emt 0:01:20]} Rca8 {[%emt 0:05:13]} 25. Nc1 {[%emt 0:05:30]} Nd7 {[%emt 0:03:27]} 26. Bd1 1-0

[Event "46th GRE-chT Premier 2018"]
[Site "Rio Achaia"]
[Date "2018.07.11"]
[Round "2"]
[White "Juhasz, Barbara"]
[Black "Paparizou, Eleni"]
[Result "1-0"]
[WhiteElo "2227"]
[BlackElo "1274"]
[Annotator "NA"]
[PlyCount "23"]
[EventDate "2018.07.10"]
[EventType "team-tourn"]
[EventCountry "GRE"]
[SourceTitle "playchess.com"]
[Source "ChessBase"]
[SourceQuality "1"]
[TimeControl "40/5400+30:1800+30"]

1. e4 {[%emt 0:00:00]} d5 {[%emt 0:00:00]} 2. exd5 {[%emt 0:00:00]} Qxd5 {[%emt 0:00:00]} 3. Nc3 {[%emt 0:00:03]} Qa5 {[%emt 0:00:19]} 4. d4 {[%emt 0:00:17]} c6 {[%emt 0:00:17]} 5. Bc4 $14 {[%emt 0:00:48] LiveBook: 429 Games} Nf6 {[%emt 0:02:32]} 6. Qe2 {[%emt 0:03:57]} Bf5 {[%emt 0:02:17]} 7. Bd2 {[%emt 0:11:50]} e6 {[%emt 0:14:23]} 8. Nf3 {[%emt 0:02:49]} Nbd7 {[%emt 0:03:29]} 9. d5 {[%emt 0:03:00]} Nc5 {[%emt 0:17:36]} 10. Nd4 {[%emt 0:18:11]} cxd5 {[%emt 0:15:42]} 11. Bb5+ {[%emt 0:02:03]} Kd8 {[%emt 0:04:20]} 12. Nxd5 {[%emt 0:03:15]} 1-0

[Event "46th GRE-chT Premier 2018"]
[Site "Rio Achaia"]
[Date "2018.07.11"]
[Round "2"]
[White "Roinos, Ilias"]
[Black "Krallis, Christos"]
[Result "0-1"]
[WhiteElo "2220"]
[BlackElo "2132"]
[Annotator "NA"]
[PlyCount "108"]
[EventDate "2018.07.10"]
[EventType "team-tourn"]
[EventCountry "GRE"]
[SourceTitle "playchess.com"]
[Source "ChessBase"]
[SourceQuality "1"]
[TimeControl "40/5400+30:1800+30"]

1. e4 {[%emt 0:00:00]} c5 {[%emt 0:00:07]} 2. Nf3 {[%emt 0:00:00]} g6 {[%emt 0:00:14]} 3. c3 {[%emt 0:00:04]} Bg7 {[%emt 0:00:21]} 4. d4 {[%emt 0:00:09]} cxd4 {[%emt 0:00:08]} 5. cxd4 {[%emt 0:00:08]} d5 {[%emt 0:00:09]} 6. exd5 {[%emt 0:00:08]} Nf6 {[%emt 0:00:04]} 7. Nc3 {[%emt 0:00:21]} Nxd5 {[%emt 0:01:25]} 8. Bb5+ {[%emt 0:05:08]} Bd7 {[%emt 0:03:03]} 9. Qb3 {[%emt 0:01:04]} Nxc3 {[%emt 0:00:45]} 10. bxc3 {[%emt 0:00:27]} O-O {[%emt 0:01:21]} 11. O-O {[%emt 0:17:52]} Nc6 {[%emt 0:02:51]} 12. Bg5 {[%emt 0:12:55]} h6 {[%emt 0:03:59]} 13. Bh4 {[%emt 0:02:02]} Be6 {[%emt 0:04:06]} 14. Qa3 {[%emt 0:03:42]} g5 {[%emt 0:00:58]} 15. Bg3 {[%emt 0:07:31]} Bd5 {[%emt 0:03:40]} 16. Rfe1 {[%emt 0:14:24]} Rc8 {[%emt 0:27:09]} 17. Rac1 {[%emt 0:08:39]} Re8 {[%emt 0:09:30]} 18. Ne5 {[%emt 0:03:59]} Bxg2 {[%emt 0:07:53]} 19. Bxc6 {[%emt 0:06:20]} Bxc6 {[%emt 0:00:16]} 20. Nxc6 {[%emt 0:00:08]} Rxc6 {[%emt 0:02:54]} 21. Qxa7 {[%emt 0:00:49]} Qc8 {[%emt 0:01:43]} 22. Rb1 {[%emt 0:08:17]} h5 {[%emt 0:02:41]} 23. Qxb7 {[%emt 0:01:14]} h4 {[%emt 0:00:45]} 24. d5 {[%emt 0:05:13]} hxg3 {[%emt 0:08:50]} 25. Qxc6 {[%emt 0:01:16]} gxf2+ {[%emt 0:00:04]} 26. Kxf2 {[%emt 0:00:06]} Qf5+ {[%emt 0:00:33]} 27. Kg2 {[%emt 0:00:57]} Rc8 {[%emt 0:00:23]} 28. Qb5 {[%emt 0:00:28]} Qg4+ {[%emt 0:00:59]} 29. Kh1 {[%emt 0:00:27]} Qf3+ {[%emt 0:01:02]} 30. Kg1 {[%emt 0:00:02]} Rxc3 {[%emt 0:00:31]} 31. Rbd1 {[%emt 0:00:42]} Rc2 {[%emt 0:05:22]} 32. Qb8+ {[%emt 0:00:13]} Bf8 {[%emt 0:03:27]} 33. Qg3 {[%emt 0:00:07]} Qh5 {[%emt 0:00:38]} 34. Rd3 {[%emt 0:01:34]} Rxa2 {[%emt 0:00:55]} 35. h4 {[%emt 0:00:27]} g4 {[%emt 0:06:52]} 36. Re4 {[%emt 0:00:29]} f5 {[%emt 0:00:05]} 37. Re6 {[%emt 0:00:04]} Ra1+ {[%emt 0:00:33]} 38. Kg2 {[%emt 0:00:17]} Ra2+ {[%emt 0:01:15]} 39. Kg1 {[%emt 0:00:13]} Ra1+ {[%emt 0:01:21]} 40. Kg2 {[%emt 0:00:00]} Ra4 {[%emt 0:00:00]} 41. Qe1 {[%emt 0:16:09]} Ra2+ {[%emt 0:04:18]} 42. Kg1 {[%emt 0:01:24]} Qh8 {[%emt 0:02:55]} 43. Re5 {[%emt 0:07:35]} Qf6 {[%emt 0:00:30]} 44. Rd1 {[%emt 0:06:25]} Qb6+ {[%emt 0:02:33]} 45. Kh1 {[%emt 0:00:02]} Qb2 {[%emt 0:01:04]} 46. Qg3 {[%emt 0:00:02]} Ra3 {[%emt 0:03:00]} 47. Re3 {[%emt 0:00:03]} Ra2 {[%emt 0:03:51]} 48. Rde1 {[%emt 0:02:30]} Qf6 {[%emt 0:03:13]} 49. Re6 {[%emt 0:00:46]} Qd4 {[%emt 0:00:47]} 50. R6e5 {[%emt 0:00:51]} Rf2 {[%emt 0:02:07]} 51. Qe3 {[%emt 0:00:54]} Qb2 {[%emt 0:01:02]} 52. Qg3 {[%emt 0:00:20]} Rf3 {[%emt 0:00:43]} 53. Qg2 {[%emt 0:00:26]} Rh3+ {[%emt 0:00:46]} 54. Kg1 {[%emt 0:00:53]} Qd4+ {[%emt 0:00:07]} 0-1

[Event "46th GRE-chT Premier 2018"]
[Site "Rio Achaia"]
[Date "2018.07.11"]
[Round "2"]
[White "Sigalas, Frangiskos"]
[Black "Georgiadis, Ioannis"]
[Result "1/2-1/2"]
[WhiteElo "2213"]
[BlackElo "2465"]
[Annotator "TA"]
[PlyCount "130"]
[EventDate "2018.07.10"]
[EventType "team-tourn"]
[EventCountry "GRE"]
[SourceTitle "playchess.com"]
[Source "ChessBase"]
[SourceQuality "1"]

{[%evp 26,130,22,27,36,32,30,0,0,0,5,0,18,20,28,14,25,21,40,-8,0,0,12,-13,-10,-67,-66,-84,-84,-91,-91,-91,-91,-85,-84,-87,-62,-84,-69,-84,-84,-84,-84,-84,0,-84,-84,-84,-84,-84,-84,-84,-77,-74,-69,-69,-69,-69,-61,-69,-28,-69,-69,-69,-69,-69,-69,-69,-69,-75,-69,-75,0,0,0,0,0,0,0,0,0,0,0,0,0,0,0,0,0,0,0,0,0,0,0,0,0,0,0,0,0,0,0,0,20,0,0]} 1. e4 e5 2. Nf3 Nc6 3. Bb5 a6 4. Bxc6 dxc6 5. O-O f6 6. d4 Bg4 7. dxe5 Qxd1 8. Rxd1 fxe5 9. Rd3 Bd6 10. Nbd2 b5 11. h3 {C69: Ruy Lopez: Exchange Variation with 5 0-0 f6} (11. b3 Ne7 12. Bb2 Ng6 13. g3 O-O 14. Kg2 c5 15. c4 Rab8 16. Rc1 h6 17. h3 Be6 18. Ba3 b4 19. Bb2 a5 20. Nf1 a4 21. Rcd1 {½-½ (50) Deviatkin,A (2580)-Kravtsiv,M (2583) Mumbai 2011}) 11... Bh5 12. b3 Nf6 {[%cal Bg8f6,Bf6d7,Bd7c5][%mdl 32]} 13. Bb2 Nd7 14. Nh4 {LiveBook: 5 Games} Nc5 15. Rg3 O-O 16. Nf5 Bg6 17. Nxd6 cxd6 18. Re3 $146 ({Predecessor:} 18. Re1 a5 {0-1 (47) Alonso Blasco,J (2098)-Gimenez Martinez,A (2090) Aragon 2009}) 18... Ne6 19. f3 Rad8 20. Rd1 Rfe8 21. Nf1 b4 22. c4 Nc5 23. h4 Kf7 24. g3 a5 25. a4 (25. g4 $11) 25... Ke6 26. Nd2 Kd7 27. Rf1 Re7 28. Rf2 Rf8 29. Kg2 h6 30. Rf1 Bh7 31. Ba1 Ref7 32. Bb2 h5 33. Rh1 Rf6 34. Rf1 R6f7 35. Rh1 $1 Ke7 36. Rf1 Ke6 37. Ba1 Kd7 38. Bb2 Ke7 39. Ba1 Ne6 40. Bb2 Rg8 41. Rh1 Rff8 42. Ba1 Bg6 43. Bb2 Bf7 44. Ba1 g5 45. hxg5 Rxg5 46. Kf2 Rfg8 47. Nf1 Nc5 48. Rh2 Nxb3 (48... Kd7 $17) 49. Rxb3 $11 {The position is equal.} Bxc4 50. Rb1 Bxf1 51. Rxf1 Rxg3 52. Rxh5 Rg2+ 53. Ke3 Ra2 54. Bxe5 {[#] Strongly threatening Rh7+.} dxe5 55. Rxe5+ {[%mdl 4096] Endgame KRR-KRR} Kd6 56. Rxa5 b3 57. Rd1+ Kc7 58. Rb1 Rb8 59. Kd3 Ra3 60. Rb2 Ra1 61. Rc5 Rd1+ 62. Ke2 Rh1 63. Ke3 Re1+ 64. Kd2 Rh1 65. Ke3 {Threatens to win with Rc3.} Re1+ {Precision: White = 61%, Black = 60%.} 1/2-1/2

[Event "46th GRE-chT Premier 2018"]
[Site "Rio Achaia"]
[Date "2018.07.11"]
[Round "2"]
[White "Michos, Thomas"]
[Black "Karaboikis, Spiridon"]
[Result "1-0"]
[WhiteElo "2211"]
[BlackElo "1942"]
[Annotator "NA"]
[PlyCount "89"]
[EventDate "2018.07.10"]
[EventType "team-tourn"]
[EventCountry "GRE"]
[SourceTitle "playchess.com"]
[Source "ChessBase"]
[SourceQuality "1"]
[TimeControl "40/5400+30:1800+30"]

1. d4 {[%emt 0:00:00]} Nf6 {[%emt 0:00:00]} 2. Nf3 {[%emt 0:00:00]} g6 {[%emt 0:00:00]} 3. Bg5 {[%emt 0:00:01]} Bg7 {[%emt 0:00:11]} 4. Nbd2 {[%emt 0:00:11]} O-O {[%emt 0:00:52]} 5. c3 {[%emt 0:00:05]} d5 {[%emt 0:00:29]} 6. e3 {[%emt 0:00:08]} Nbd7 {[%emt 0:01:40]} 7. Be2 {[%emt 0:00:09]} Re8 {[%emt 0:00:57]} 8. O-O {[%emt 0:00:19]} e5 {[%emt 0:00:51]} 9. Nb3 {[%emt 0:01:00]} e4 {[%emt 0:16:14]} 10. Nfd2 {[%emt 0:00:08]} Nf8 {[%emt 0:04:11]} 11. c4 {[%emt 0:02:05]} c6 {[%emt 0:00:55]} 12. Bh4 {[%emt 0:03:33]} h5 {[%emt 0:02:56]} 13. cxd5 {[%emt 0:07:21]} cxd5 {[%emt 0:00:14]} 14. Nc5 {[%emt 0:02:37]} b6 {[%emt 0:02:01]} 15. Na4 {[%emt 0:01:13]} Bd7 {[%emt 0:10:48]} 16. Nc3 {[%emt 0:00:11]} Bc6 {[%emt 0:01:58]} 17. Rc1 {[%emt 0:01:11]} Qd7 {[%emt 0:00:55]} 18. Qc2 {[%emt 0:01:54]} Rec8 {[%emt 0:03:55]} 19. Qb3 {[%emt 0:13:08]} Ne6 {[%emt 0:12:22]} 20. Ba6 {[%emt 0:10:46]} Rd8 {[%emt 0:03:43]} 21. Rc2 {[%emt 0:09:08]} g5 {[%emt 0:02:44]} 22. Bg3 {[%emt 0:00:30]} h4 {[%emt 0:00:11]} 23. Be5 {[%emt 0:00:05]} Ng4 {[%emt 0:05:46]} 24. Bxg7 {[%emt 0:00:14]} Kxg7 {[%emt 0:00:16]} 25. Rfc1 {[%emt 0:00:37]} Qd6 {[%emt 0:00:56]} 26. Nf1 {[%emt 0:00:16]} Qd7 {[%emt 0:04:18]} 27. Qa3 {[%emt 0:16:32]} Bb7 {[%emt 0:13:05]} 28. Be2 {[%emt 0:02:15]} Nf6 {[%emt 0:00:14]} 29. Nb5 {[%emt 0:02:04]} Rac8 {[%emt 0:03:19]} 30. Rxc8 {[%emt 0:04:47]} Rxc8 {[%emt 0:00:04]} 31. Rxc8 {[%emt 0:00:20]} Qxc8 {[%emt 0:02:56]} 32. Qxa7 {[%emt 0:01:13]} Ba6 {[%emt 0:02:12]} 33. Nd6 {[%emt 0:00:32]} Qc7 {[%emt 0:02:29]} 34. Nf5+ {[%emt 0:02:12]} Kg6 {[%emt 0:01:07]} 35. Nxh4+ {[%emt 0:00:10]} gxh4 {[%emt 0:00:15]} 36. Qxa6 {[%emt 0:00:06]} Ng5 {[%emt 0:00:36]} 37. h3 {[%emt 0:01:43]} Qd6 {[%emt 0:01:05]} 38. Qb5 {[%emt 0:01:38]} Qe6 {[%emt 0:00:33]} 39. Nh2 {[%emt 0:00:00]} Qd6 {[%emt 0:00:00]} 40. a4 {[%emt 0:00:00]} Qc7 {[%emt 0:00:00]} 41. b4 {[%emt 0:04:28]} Qc1+ {[%emt 0:06:22]} 42. Bf1 {[%emt 0:00:12]} Qd1 {[%emt 0:00:22]} 43. a5 {[%emt 0:00:26]} bxa5 {[%emt 0:00:07]} 44. bxa5 {[%emt 0:00:06]} Qe1 {[%emt 0:07:11]} 45. a6 {[%emt 0:00:18]} 1-0